000 00632nam a2200217Ia 4500
003 GCL
008 140319s9999 xx 000 0 ara d
040 _aGCL /
_cGCL
082 0 4 _aق
_b962
_bج م
100 1 _aجمال بدوى
245 1 0 _aمصر من نافذة التاريخ (كات واخواتها) /
_cجمال بدوى
300 _a224
490 _a
650 0 4 _aمصر
650 0 4 _aالاحوال السياسية
650 0 4 _aالاقباط
650 0 4 _aحريق الاسكندرية
650 0 4 _aشارع سليمان باشا
650 0 4 _aمصر - الاحوال السياسية
942 _2ddc
_cBK
999 _c46195
_d46195